000 00234nam a22000857a 4500
999 _c516210
_d516210
100 _aKhan, Mohd. Sharif
_922661
245 _aTeacher education in India and abroad
_cMohd. Sharif Khan
260 _aNew Delhi
_bAshish
_c1983
300 _a156p.